[Event "Sosnivka Christmas op"]
[Site "Sosnivka"]
[Date "2023.01.15"]
[Round "3"]
[White "Pylypiv, Anastasia"]
[Black "Pikh, Matviy"]
[Result "1/2-1/2"]
[WhiteElo "1580"]
[BlackElo "1446"]
[PlyCount "102"]
[EventDate "2023.01.13"]
[EventType "swiss"]
[EventRounds "9"]
[EventCountry "UKR"]
[SourceTitle "EXT 2024"]
[Source "ChessBase"]
[SourceDate "2023.10.10"]
[SourceVersion "1"]
[SourceVersionDate "2023.10.10"]
[SourceQuality "1"]

1. e4 c5 2. a3 Nc6 3. b4 cxb4 4. axb4 e6 5. b5 Ne5 6. d4 Ng6 7. Nf3 d5 8. e5 Bd7 9. c3 Be7 10. Bd3 b6 11. Bd2 Qc7 12. h4 h5 13. Qc2 Nf8 14. Ng5 Bxg5 15. Bxg5 Ne7 16. Bxe7 Kxe7 17. Rh3 g6 18. Rf3 f5 19. exf6+ Kf7 20. Rg3 Kxf6 21. Bxg6 Rg8 22. Rf3+ Kg7 23. Bxh5 Be8 24. Bxe8 Rxe8 25. Qd2 Nh7 26. Qf4 Qxf4 27. Rxf4 Re7 28. Nd2 Nf6 29. Nf3 Ne4 30. Rg4+ Kh7 31. Rxg8 Kxg8 32. Ra3 Rc7 33. Ne5 Nxc3 34. Rb3 Kh7 35. f3 Na4 36. Kd2 Kh6 37. Nc6 a6 38. Nd8 a5 39. Nxe6 Rc4 40. Ke3 Nc3 41. Nf4 a4 42. Ra3 Nxb5 43. Ra1 Rc3+ 44. Kd2 Rc4 45. Kd3 Rxd4+ 46. Ke3 Rb4 47. Nxd5 Rb3+ 48. Ke4 a3 49. Nxb6 Nd6+ 50. Kd5 Rxb6 51. Rxa3 Nf5 1/2-1/2